Catálogo
 En Linea

Confidencias en torno al oscuro destino de la única mujer fatal : (Registro nro. 49278)

Detalles MARC
000 -CABECERA
campo de control de longitud fija 01105nam a22002177a 4500
003 - IDENTIFICADOR DEL NÚMERO DE CONTROL
campo de control OSt
005 - FECHA Y HORA DE LA ÚLTIMA TRANSACCIÓN
campo de control 20201214093925.0
008 - DATOS DE LONGITUD FIJA--INFORMACIÓN GENERAL
campo de control de longitud fija 201214b 2012 dr 00| 0 eng d
020 ## - NÚMERO INTERNACIONAL ESTÁNDAR DEL LIBRO
Número Internacional Estándar del Libro 9789945475302
040 ## - FUENTE DE LA CATALOGACIÓN
Centro catalogador/agencia de origen DO-SdBNP
Lengua de catalogación spa
Centro/agencia transcriptor BNPHU
100 1# - ENTRADA PRINCIPAL--NOMBRE DE PERSONA
Nombre de persona Marcallé Abreu, Roberto,
Fechas asociadas al nombre 1948-
9 (RLIN) 77586
245 10 - MENCIÓN DE TÍTULO
Título Confidencias en torno al oscuro destino de la única mujer fatal :
Resto del título cuentos reunidos /
Mención de responsabilidad, etc. Roberto Marcallé Abreu.
260 ## - PUBLICACIÓN, DISTRIBUCIÓN, ETC.
Lugar de publicación, distribución, etc. Santo Domingo :
Nombre del editor, distribuidor, etc. Dirección General de la Feria del Libro,
Fecha de publicación, distribución, etc. 2012.
300 ## - DESCRIPCIÓN FÍSICA
Extensión 602 p. ;
Dimensiones 23 cm.
490 1# - MENCIÓN DE SERIE
Mención de serie Cuentos reunidos (Ediciones Ferilibro)
500 ## - NOTA GENERAL
Nota general Incluye datos biográficos del autor en la solapa de la cubierta
505 ## - NOTA DE CONTENIDO CON FORMATO
Título Las dos muertes de José Inirio --
-- El minúsculo infierno del señor Lucas --
-- Sábado de sol después de las lluvias --
-- Ya no están estos tiempos para trágicos finales de historias de amor --
-- Alternativas para una existencia gris --
-- Desdicha, enfermedad y muerte cortesía del señor Marcelino Ozoria.
590 ## - NOTA LOCAL (RLIN)
Nota local Inventariado, 2020 /LP<br/><br/>
830 #0 - PUNTO DE ACCESO ADICIONAL DE SERIE-TÍTULO UNIFORME
Título uniforme Cuentos reunidos (Ediciones Ferilibro)
9 (RLIN) 77587
942 ## - ELEMENTOS DE PUNTO DE ACCESO ADICIONAL (KOHA)
Fuente del sistema de clasificación o colocación Dewey Decimal Classification
Tipo de ítem Koha Libro
Existencias
Estado de retiro Estado de pérdida Fuente del sistema de clasificación o colocación Restricciones de uso No para préstamo Código de colección Localización permanente Ubicación/localización actual Ubicación en estantería Fecha de adquisición Fuente de adquisición Total de préstamos Código de barras Fecha visto por última vez Precio válido a partir de Tipo de ítem Koha
    Dewey Decimal Classification Excluido de préstamo Excluido de préstamo Monografías: Libros y Folletos Biblioteca Nacional Pedro Henríquez Ureña Patrimonio Dominicano Depósito 14.12.2020 Nieves L. Emeterio Rondón   2020-0708 14.12.2020 14.12.2020 Libro

Con tecnología Koha